| 000 | 01730cam a22003734a 4500 | ||
|---|---|---|---|
| 999 |
_c328842 _d328842 |
||
| 001 | 14385088 | ||
| 003 | Nust | ||
| 005 | 20170417180802.0 | ||
| 008 | 060522r20051915ii ab b 001 0 eng | ||
| 010 | _a 2006561432 | ||
| 020 | _a8120619668 (set) | ||
| 025 | _aI-E-2006-561432; 56-92; 55-05 | ||
| 037 |
_bLibrary of Congress -- New Delhi Overseas Office _cRs2400.00 (set) |
||
| 040 |
_aDLC _cDLC |
||
| 041 | 1 |
_aeng _hmul |
|
| 042 | _alcode | ||
| 043 |
_acc----- _aa-ii--- _ae------ |
||
| 050 | 0 | 0 |
_aDS707 _b.C38 2005 |
| 082 |
_a915.043 _bCAT |
||
| 245 | 0 | 0 |
_aCathay and the way thither, being a collection of medieval notices of China / _ctranslated and edited by Henry Yule ; revised throughout in the light of recent discoveries by Henri Cordier. |
| 250 | _aNew ed. | ||
| 260 |
_aNew Delhi : _bAsian Educational Services, _c2005. |
||
| 300 |
_a4 v. : _bill., maps ; _c23 cm. |
||
| 500 | _aOriginally published: London : Printed for the Hakluyt Society, 1915. | ||
| 504 | _aIncludes bibliographical references and index. | ||
| 505 | 0 | _av. 1. Preliminary essay : on the intercourse between China and the Western nations previous to the discovery of the Cape route -- v. 2. Odoric of Pordenone -- v. 3. Missionary friars : Rashíduddín, Pegolotti, Marignolli -- v. 4. Ibn Batuta, Benedict Goes, index. | |
| 650 | 0 | _aGeography, Medieval. | |
| 650 | 0 |
_aMissions _zEast Asia. |
|
| 651 | 0 |
_aChina _xDescription and travel. |
|
| 651 | 0 |
_aIndia _xDescription and travel _xEarly works to 1800. |
|
| 700 | 1 |
_aYule, Henry, _cSir, _d1820-1889. |
|
| 700 | 1 |
_aCordier, Henri, _d1849-1925. |
|
| 906 |
_a7 _bcbc _corigode _d3 _encip _f20 _gy-gencatlg |
||
| 942 |
_2ddc _cBK |
||